[Event "Lisbon Check Mate op 3rd"]
[Site "Lisbon"]
[Date "2015.08.10"]
[Round "4"]
[White "Julio, Andre Alexandre Mir"]
[Black "Bravo, Antonio Jose Vieira"]
[Result "1/2-1/2"]
[WhiteElo "1521"]
[BlackElo "1835"]
[PlyCount "64"]
[EventDate "2015.08.08"]
[EventType "swiss"]
[EventRounds "7"]
[EventCountry "POR"]
[SourceTitle "EXT 2017"]
[Source "ChessBase"]
[SourceDate "2016.10.25"]
[SourceVersion "1"]
[SourceVersionDate "2016.10.25"]
[SourceQuality "1"]

1. e4 e5 2. Nc3 Nc6 3. f4 d6 4. Nf3 Nf6 5. Bb5 Bd7 6. d3 exf4 7. Bxf4 Be7 8. 0-0 0-0 9. d4 Bg4 10. Be2 a6 11. d5 Bxf3 12. Bxf3 Ne5 13. Qd4 Nfd7 14. Ne2 Bf6 15. Qb4 a5 16. Qe1 Nc4 17. Rb1 Bxb2 18. Rxb2 Nxb2 19. Qg3 Qf6 20. Bg5 Qe5 21. Nf4 f6 22. Bh6 Rf7 23. Bh5 Raf8 24. Qg4 f5 25. Bxf7+ Rxf7 26. Qg5 Qf6 27. exf5 Qxg5 28. Bxg5 Rxf5 29. Ne6 Rxf1+ 30. Kxf1 c6 31. Nd8 cxd5 32. Nxb7 Nc4 1/2-1/2

[Event "Lisbon Cup 26th"]
[Site "Lisbon"]
[Date "2015.03.01"]
[Round "3"]
[White "Lopes, Jose Manuel Cidreir"]
[Black "Julio, Andre Alexandre Mir"]
[Result "1-0"]
[WhiteElo "1696"]
[BlackElo "1631"]
[PlyCount "101"]
[EventDate "2015.01.18"]
[EventType "swiss"]
[EventRounds "7"]
[EventCountry "POR"]
[SourceTitle "EXT 2017"]
[Source "ChessBase"]
[SourceDate "2016.10.25"]
[SourceVersion "1"]
[SourceVersionDate "2016.10.25"]
[SourceQuality "1"]

1. e4 c5 2. Nf3 g6 3. d4 cxd4 4. Qxd4 Nf6 5. e5 Nc6 6. Qc4 d5 7. exd6 Qxd6 8. Nc3 Be6 9. Qa4 Rd8 10. Bf4 Qb4 11. Bb5 Qxa4 12. Bxa4 a6 13. Ne5 Bd7 14. Nxd7 Rxd7 15. Bxc6 bxc6 16. 0-0 Bg7 17. Be5 0-0 18. Rad1 Rfd8 19. Rxd7 Rxd7 20. Rd1 Rxd1+ 21. Nxd1 Nd5 22. Bxg7 Kxg7 23. c4 Nb4 24. a3 Nc2 25. Kf1 e5 26. Ke2 f5 27. Kd2 Nd4 28. Kc3 a5 29. b4 axb4+ 30. Kxb4 Nc2+ 31. Kb3 Nd4+ 32. Kc3 c5 33. a4 Nc6 34. f3 Kf7 35. Nf2 Ke7 36. g4 h6 37. h4 h5 38. g5 Kd6 39. Kd3 Kc7 40. Kc3 Kd6 41. Nd3 Na5 42. f4 e4 43. Ne5 Nc6 44. Nxg6 Ke6 45. Ne5 Nxe5 46. fxe5 Kxe5 47. a5 f4 48. g6 Kf6 49. g7 Kxg7 50. a6 f3 51. Kd2 1-0